[Event "Russian Championship B11 2016"]
[Site "Loo"]
[Date "2016.04.23"]
[Round "4.8"]
[White "Makinyan, Ruben"]
[Black "Atovmian, Artem"]
[Result "0-1"]
[WhiteElo "1583"]
[BlackElo "1682"]
[PlyCount "130"]
[EventDate "2016.04.20"]

1. e4 c6 2. d4 d5 3. e5 Bf5 4. Nf3 e6 5. Be3 Ne7 6. Nbd2 Nd7 7. Nb3 Nc8 8. Be2
Be7 9. O-O O-O 10. Qd2 h6 11. Rad1 Ncb6 12. Ne1 Rc8 13. Na5 Qc7 14. Nd3 Na4 15.
Rb1 c5 16. dxc5 Naxc5 17. Rfc1 Qb8 18. f4 Rfd8 19. g4 Bh7 20. Nb3 Ne4 21. Qe1
Nb6 22. Bxb6 axb6 23. Bf3 Nc5 24. Qe2 Qa7 25. Nbxc5 bxc5 26. a3 c4+ 27. Nf2 d4
28. Be4 Bxe4 29. Qxe4 Bc5 30. Kg2 d3 31. Nh3 d2 32. Rd1 b5 33. Rf1 Bd4 34. c3
Bb6 35. f5 exf5 36. Qxf5 Rd3 37. Qxc8+ Bd8 38. Qf5 Qb7+ 39. Kg1 Rxh3 40. Rf2
Bb6 41. Rbf1 Rf3 42. Qc2 Rxf2 43. Rxf2 Qd5 44. Qd1 Bxf2+ 45. Kxf2 Qxe5 46. Qxd2
Qxh2+ 47. Ke1 Qxd2+ 48. Kxd2 g5 49. Ke3 Kg7 50. Kd4 Kg6 51. Kc5 f5 52. gxf5+
Kxf5 53. Kxb5 h5 54. a4 h4 55. Kxc4 h3 56. b4 h2 57. a5 h1=Q 58. b5 g4 59. a6
Qg1 60. Kb4 g3 61. c4 g2 62. c5 Qd4+ 63. Ka5 Qxc5 64. Ka4 g1=Q 65. Ka5 Qa1# 0-1

[Event "Russian Championship B11 2016"]
[Site "Loo"]
[Date "2016.04.23"]
[Round "4.12"]
[White "Dudarev, Vladislav"]
[Black "Toropov, Lev"]
[Result "1/2-1/2"]
[WhiteElo "1772"]
[BlackElo "1466"]
[PlyCount "103"]
[EventDate "2016.04.20"]

1. c4 Nf6 2. Nf3 e6 3. Nc3 d5 4. cxd5 exd5 5. d3 c6 6. e3 Bd6 7. g3 O-O 8. Bg2
Nbd7 9. d4 Ne4 10. Nxe4 dxe4 11. Nd2 f5 12. O-O Nf6 13. f3 exf3 14. Bxf3 Be6
15. e4 fxe4 16. Nxe4 Nxe4 17. Bxe4 Rxf1+ 18. Qxf1 Bxg3 19. Bxh7+ Kh8 20. hxg3
Qxd4+ 21. Qf2 Qxf2+ 22. Kxf2 Kxh7 23. Bf4 Rf8 24. Re1 Bxa2 25. Kg1 Bd5 26. Re7
Rf7 27. Re3 b5 28. Ra3 Re7 29. Bb8 Re2 30. b4 Rb2 31. Bd6 Ra2 32. Rxa2 Bxa2 33.
Kf2 Kg6 34. Ke3 Kf5 35. Kd4 g6 36. Kc5 Bd5 37. Bc7 Ke4 38. Bb8 Kf3 39. Bc7 g5
40. Bb8 g4 41. Bc7 Ke4 42. Bf4 Kd3 43. Bb8 a6 44. Be5 Ke4 45. Bc7 Kf5 46. Bf4
Ke6 47. Bc7 Kd7 48. Bf4 Kc8 49. Kb6 Be4 50. Kxa6 c5 51. Kxb5 cxb4 52. Kxb4
1/2-1/2

[Event "Russian Championship B11 2016"]
[Site "Loo"]
[Date "2016.04.23"]
[Round "4.13"]
[White "Ryabov, Georgi"]
[Black "Kharkevich, Stepan"]
[Result "1-0"]
[WhiteElo "1715"]
[BlackElo "1614"]
[PlyCount "67"]
[EventDate "2016.04.20"]

1. c4 Nf6 2. Nc3 e5 3. e4 Bc5 4. d3 Nc6 5. h3 O-O 6. Nge2 d6 7. g3 h6 8. Bg2
Be6 9. O-O Nd4 10. Kh2 a6 11. Nxd4 Bxd4 12. Ne2 Bb6 13. f4 exf4 14. gxf4 Rb8
15. f5 Bd7 16. Nf4 Kh7 17. Bf3 c6 18. d4 Rg8 19. Qd3 Bc8 20. Be3 Kh8 21. Rg1
Bc7 22. Kh1 Nh7 23. Bh5 Ng5 24. Rxg5 hxg5 25. Ng6+ fxg6 26. Bxg6 g4 27. Bf2 d5
28. Qe3 Re8 29. hxg4 Qd7 30. Qh3+ Kg8 31. Qh7+ Kf8 32. Qh8+ Ke7 33. Bh4+ Kd6
34. c5# 1-0

[Event "Russian Championship B11 2016"]
[Site "Loo"]
[Date "2016.04.23"]
[Round "4.14"]
[White "Putrenko, Kirill"]
[Black "Ogloblin, Ilya"]
[Result "1-0"]
[WhiteElo "1647"]
[BlackElo "1670"]
[PlyCount "69"]
[EventDate "2016.04.20"]

1. d4 Nf6 2. c4 g6 3. Nc3 d5 4. cxd5 Nxd5 5. e4 Nxc3 6. bxc3 Bg7 7. Bc4 O-O 8.
Ne2 c5 9. Be3 Nc6 10. O-O Bg4 11. f3 Na5 12. Bd5 e6 13. Bb3 cxd4 14. cxd4 Bh5
15. g4 Bxg4 16. fxg4 Qd7 17. Rc1 Nc6 18. h3 Rfd8 19. d5 exd5 20. Qxd5 Qxd5 21.
Bxd5 Ne5 22. Rc7 Rf8 23. Bc5 Rac8 24. Rxc8 Rxc8 25. Bxa7 Rc7 26. Bd4 Kf8 27.
Nf4 Nf3+ 28. Rxf3 Bxd4+ 29. Kf1 Rc1+ 30. Ke2 Rc2+ 31. Kd1 Rb2 32. Ne6+ Ke7 33.
Nxd4 f6 34. Rb3 Rxb3 35. axb3 1-0

[Event "Russian Championship B11 2016"]
[Site "Loo"]
[Date "2016.04.23"]
[Round "4.15"]
[White "Smirnov, Yaroslav"]
[Black "Poroshin, Aleksandr"]
[Result "1/2-1/2"]
[WhiteElo "1440"]
[BlackElo "1599"]
[PlyCount "110"]
[EventDate "2016.04.20"]

1. Nf3 c5 2. g3 b6 3. Bg2 Bb7 4. O-O d6 5. d3 Nf6 6. Nbd2 e6 7. e4 Be7 8. Re1
O-O 9. e5 dxe5 10. Nxe5 Bxg2 11. Kxg2 Qc7 12. Qf3 Nd5 13. a3 Nd7 14. Ndc4 Nxe5
15. Nxe5 Bf6 16. Ng4 Be7 17. Ne3 Nxe3+ 18. Qxe3 Bf6 19. Rb1 Rfd8 20. Qf4 Qc6+
21. Qf3 Rac8 22. Bf4 c4 23. Qxc6 Rxc6 24. dxc4 Rxc4 25. c3 Rc5 26. Rbd1 Rcd5
27. Rxd5 Rxd5 28. Re2 Kf8 29. Rd2 Rxd2 30. Bxd2 Ke7 31. Kf3 Kd6 32. Ke4 Kc5 33.
Kd3 a5 34. Be3+ Kc6 35. Bd4 e5 36. Be3 b5 37. b3 Be7 38. a4 bxa4 39. bxa4 f5
40. Kc4 g6 41. f3 g5 42. h3 h5 43. g4 e4 44. fxe4 fxg4 45. hxg4 hxg4 46. Kd3 g3
47. Ke2 g4 48. Kf1 Kd6 49. Bf4+ Kc5 50. Bxg3 Kc4 51. Bc7 Kxc3 52. Bxa5+ Kb3 53.
Bc7 Kxa4 54. e5 Kb3 55. Bd6 Bh4 1/2-1/2

[Event "Russian Championship B11 2016"]
[Site "Loo"]
[Date "2016.04.23"]
[Round "4.16"]
[White "Surkov, Alexander"]
[Black "Ismagilov, Igor"]
[Result "0-1"]
[WhiteElo "1540"]
[BlackElo "1719"]
[PlyCount "84"]
[EventDate "2016.04.20"]

1. e4 c5 2. Nf3 Nc6 3. d4 cxd4 4. Nxd4 g6 5. Nc3 Bg7 6. Nxc6 bxc6 7. Bc4 e6 8.
Be3 d5 9. exd5 cxd5 10. Bb5+ Bd7 11. Bxd7+ Qxd7 12. Bf4 Ne7 13. Qd2 O-O 14. Bh6
Qb7 15. Bxg7 Kxg7 16. Rb1 Kg8 17. O-O Nf5 18. Rfe1 Rac8 19. Ne2 Rc6 20. Nd4
Nxd4 21. Qxd4 Rxc2 22. Rec1 Rfc8 23. Rxc2 Rxc2 24. h3 Qc7 25. g3 Rc1+ 26. Rxc1
Qxc1+ 27. Kg2 Qc7 28. b4 h5 29. g4 hxg4 30. hxg4 Kf8 31. Kf3 Ke7 32. g5 Kd6 33.
a4 e5 34. Qd2 Qc4 35. Kg3 Qb3+ 36. Qe3 Qxe3+ 37. fxe3 d4 38. e4 Ke6 39. b5 Kd6
40. a5 Kc5 41. b6 axb6 42. a6 Kc6 0-1

[Event "Russian Championship B11 2016"]
[Site "Loo"]
[Date "2016.04.23"]
[Round "4.17"]
[White "Grunin, Denis"]
[Black "Tyurin, Artem"]
[Result "0-1"]
[WhiteElo "1605"]
[BlackElo "1532"]
[PlyCount "100"]
[EventDate "2016.04.20"]

1. d4 f5 2. Bg5 Nf6 3. Bxf6 gxf6 4. Nc3 d5 5. e3 c6 6. Bd3 e6 7. Qh5+ Ke7 8. f4
Qe8 9. Qe2 Kd8 10. a3 Nd7 11. b4 a5 12. b5 c5 13. Qf3 Nb6 14. g4 c4 15. Be2
fxg4 16. Qxg4 f5 17. Qh5 Bd7 18. Qxe8+ Bxe8 19. Nf3 Rg8 20. Ng5 Ke7 21. Nxh7
Bg7 22. Ng5 e5 23. fxe5 Bh6 24. Nf3 Bxe3 25. Nd1 Bf4 26. Rf1 Bd7 27. Nh4 Bxh2
28. Nxf5+ Bxf5 29. Rxf5 Raf8 30. Rxf8 Rxf8 31. Kd2 Na4 32. Ne3 Bf4 33. Rh1 Rf7
34. Rh4 Bg5 35. Rg4 Rg7 36. Ke1 Ke6 37. Kf1 Nc3 38. Ke1 Nxb5 39. Nxc4 dxc4 40.
Bxc4+ Ke7 41. Rxg5 Rxg5 42. Bxb5 Rg4 43. c3 Rg2 44. d5 Rg5 45. d6+ Kd8 46. Kf2
Rxe5 47. a4 Rd5 48. d7 Rxb5 49. axb5 a4 50. Ke3 a3 0-1

[Event "Russian Championship B11 2016"]
[Site "Loo"]
[Date "2016.04.23"]
[Round "4.18"]
[White "Kozachek, Stanislav"]
[Black "Mamochev, Aleksei"]
[Result "1/2-1/2"]
[WhiteElo "1484"]
[BlackElo "1598"]
[PlyCount "96"]
[EventDate "2016.04.20"]

1. e4 c5 2. Nf3 Nc6 3. d4 cxd4 4. Nxd4 g6 5. Be3 Bg7 6. Nc3 Nf6 7. Be2 O-O 8.
O-O d5 9. exd5 Nxd5 10. Nxd5 Qxd5 11. Nxc6 Qxc6 12. c3 Bf5 13. Qb3 Be4 14. f3
Bd5 15. Qc2 e5 16. c4 f5 17. Rac1 Bf7 18. b4 a6 19. Rfd1 Rad8 20. a4 e4 21.
fxe4 Qxe4 22. Qxe4 fxe4 23. b5 axb5 24. axb5 Bb2 25. Rb1 Rxd1+ 26. Rxd1 Rc8 27.
Rb1 Ba3 28. Rb3 Bc5 29. Bxc5 Rxc5 30. Kf2 Bxc4 31. Rc3 Rf5+ 32. Ke3 Bxe2 33.
Kxe2 Rxb5 34. Rc2 Kg7 35. Ke3 Rb4 36. g4 g5 37. Rf2 h6 38. Rd2 b5 39. Rd6 Rc4
40. Rb6 b4 41. Rb7+ Kf8 42. Rb6 Rc3+ 43. Kxe4 Rh3 44. Rxb4 Rxh2 45. Kf5 Ke7 46.
Re4+ Kd6 47. Ra4 Kd5 48. Rb4 Rh4 1/2-1/2

[Event "Russian Championship B11 2016"]
[Site "Loo"]
[Date "2016.04.23"]
[Round "4.19"]
[White "Kirushin, Ivan"]
[Black "Fedoseev, Ilya"]
[Result "1-0"]
[WhiteElo "1592"]
[BlackElo "1437"]
[PlyCount "65"]
[EventDate "2016.04.20"]

1. e4 e6 2. d4 d5 3. e5 c5 4. c3 Nc6 5. Nf3 Qb6 6. Bd3 cxd4 7. cxd4 Bd7 8. O-O
Nxd4 9. Nxd4 Qxd4 10. Nc3 a6 11. Kh1 Qxe5 12. Re1 Qd6 13. Qf3 Bc6 14. Bf4 Qd8
15. Bf5 Be7 16. Qg3 g6 17. Be5 Bf6 18. Bh3 Bxe5 19. Qxe5 Qf6 20. Qd6 Rd8 21.
Qc5 Ne7 22. Ne2 Bd7 23. f4 Nc6 24. f5 Qe7 25. Qe3 e5 26. Nf4 d4 27. Qg3 Bc8 28.
Nd3 Rd5 29. f6 Qxf6 30. Bxc8 Qd6 31. Bxb7 f5 32. Bxc6+ Qxc6 33. Rxe5+ 1-0

[Event "Russian Championship B11 2016"]
[Site "Loo"]
[Date "2016.04.23"]
[Round "4.22"]
[White "Kagan, Mikhail"]
[Black "Khusnulgatin, Artem"]
[Result "0-1"]
[WhiteElo "1429"]
[BlackElo "1559"]
[PlyCount "48"]
[EventDate "2016.04.20"]

1. e4 e5 2. Nf3 Nc6 3. d4 exd4 4. Nxd4 Bc5 5. Be3 Qf6 6. c3 Nge7 7. Nc2 Bxe3 8.
Nxe3 O-O 9. Be2 Qg6 10. Nd2 d6 11. O-O f5 12. exf5 Nxf5 13. Nxf5 Bxf5 14. Qb3+
Kh8 15. Qxb7 Ne5 16. Kh1 Rab8 17. Qxa7 Rxb2 18. Qe3 Re8 19. Qd4 Nc6 20. Qd5
Rxe2 21. Qxc6 Rbxd2 22. Rfe1 Be4 23. Qxe4 Qxe4 24. Rxe2 Qxe2 0-1

[Event "Russian Championship B11 2016"]
[Site "Loo"]
[Date "2016.04.23"]
[Round "4.23"]
[White "Sagdiev, Daniel"]
[Black "Kasparov, Georgy"]
[Result "1-0"]
[WhiteElo "1599"]
[BlackElo "1365"]
[PlyCount "73"]
[EventDate "2016.04.20"]

1. e4 d5 2. exd5 Qxd5 3. Nc3 Qa5 4. d4 c6 5. Bd3 Nf6 6. Nge2 Bg4 7. f3 Bh5 8.
Bd2 Qc7 9. Ng3 Bg6 10. Bxg6 hxg6 11. Qe2 Qb6 12. O-O-O Nbd7 13. Nge4 O-O-O 14.
Ng5 Re8 15. Nxf7 Rg8 16. g4 Qxd4 17. Be1 Qb6 18. g5 Nh7 19. Nd6+ Kd8 20. Nxe8
Kxe8 21. Qe6 Nxg5 22. Qxd7+ Kf7 23. Qg4 Nh7 24. Rg1 g5 25. Qh5+ g6 26. Qg4 Bh6
27. Bd2 Nf6 28. Qc4+ Kg7 29. Rge1 Re8 30. Be3 Qc7 31. Ne4 Qxh2 32. Nxf6 exf6
33. Rd7+ Kh8 34. Qf7 Bf8 35. Qxf6+ Kg8 36. Qxg6+ Kh8 37. Bd4+ 1-0

[Event "Russian Championship B13 1st league 2016"]
[Site "Loo"]
[Date "2016.04.23"]
[Round "4.1"]
[White "Zhukov, Maksim"]
[Black "Tsymbal, Evgeny"]
[Result "1-0"]
[WhiteElo "1861"]
[BlackElo "1652"]
[PlyCount "91"]
[EventDate "2016.04.20"]

1. e4 c5 2. Nf3 e6 3. c3 d5 4. exd5 Qxd5 5. d4 Nf6 6. Na3 Be7 7. Nb5 Na6 8. Be3
O-O 9. Be2 Ng4 10. O-O Nxe3 11. fxe3 Qe4 12. Qd2 Rd8 13. Bd3 Qd5 14. Ne5 Rf8
15. Qe2 Bf6 16. Rxf6 gxf6 17. Qg4+ Kh8 18. Qh5 f5 19. c4 Qd8 20. Nxf7+ Rxf7 21.
Qxf7 Nb4 22. Rd1 Bd7 23. a3 Nxd3 24. Rxd3 Qh4 25. Rd1 Bxb5 26. cxb5 Qh6 27. Re1
Qh4 28. g3 Qe4 29. Qf6+ Kg8 30. dxc5 Qd5 31. Qd4 Rd8 32. Rd1 Kf7 33. Qxd5 Rxd5
34. Rxd5 exd5 35. Kf2 Ke6 36. b4 Ke5 37. c6 Kd6 38. cxb7 Kc7 39. Ke2 Kxb7 40.
Kd3 Kb6 41. a4 Kc7 42. Kd4 Kd6 43. a5 h5 44. a6 Kc7 45. Kxd5 Kb6 46. Kc4 1-0

[Event "Russian Championship B13 1st league 2016"]
[Site "Loo"]
[Date "2016.04.23"]
[Round "4.2"]
[White "Garifzyanov, Niyaz"]
[Black "Galiev, Irek"]
[Result "0-1"]
[WhiteElo "1682"]
[BlackElo "1859"]
[PlyCount "112"]
[EventDate "2016.04.20"]

1. d4 Nf6 2. Bf4 d5 3. Nf3 g6 4. e3 Bg7 5. Nbd2 O-O 6. h3 c5 7. c3 Nc6 8. Bd3
c4 9. Bc2 b5 10. O-O Bf5 11. Re1 Bxc2 12. Qxc2 a5 13. e4 e6 14. Bg5 Qc7 15. b3
h6 16. Bh4 Nh5 17. bxc4 bxc4 18. exd5 exd5 19. Qd1 Qd6 20. Nh2 f5 21. Kh1 Qf4
22. g3 Qxf2 23. Re6 Rf6 24. Rxf6 Bxf6 25. Qe1 Qxe1+ 26. Rxe1 g5 27. Re6 Nd8 28.
Rd6 gxh4 29. gxh4 Rb8 30. Rxd5 Rb2 31. Ndf1 Bxh4 32. Nf3 Rf2 33. N1d2 Ng3+ 34.
Kg1 Ne2+ 35. Kh1 Nxc3 36. Rxf5 Bg5 37. Nxc4 a4 38. Kg1 Ne4 39. Nxg5 Rxf5 40.
Nxe4 Rf4 41. Ncd2 Ne6 42. d5 Ng5 43. d6 Kf7 44. Nc5 Rd4 45. Nf1 Nxh3+ 46. Kg2
Nf4+ 47. Kf3 Ne6 48. Ne4 Ng5+ 49. Nxg5+ hxg5 50. Ng3 Rxd6 51. Ke3 Kg6 52. Ne4
Re6 53. Kd4 Kf5 54. Nc5 Re5 55. Nd3 Re4+ 56. Kd5 g4 0-1

[Event "Russian Championship B13 1st league 2016"]
[Site "Loo"]
[Date "2016.04.23"]
[Round "4.3"]
[White "Trofimov, Ivan"]
[Black "Kamaev, Dzhabrail"]
[Result "1-0"]
[WhiteElo "1597"]
[BlackElo "1823"]
[PlyCount "39"]
[EventDate "2016.04.20"]

1. e4 e5 2. Nf3 Nc6 3. Bc4 Bc5 4. b4 Bxb4 5. c3 Ba5 6. d4 exd4 7. O-O Nge7 8.
Ng5 Ne5 9. Bb3 O-O 10. cxd4 N5g6 11. f4 h6 12. Nxf7 Rxf7 13. Bxf7+ Kxf7 14. f5
Nf8 15. Qh5+ Kg8 16. f6 Nc6 17. fxg7 Kxg7 18. Bxh6+ Kg8 19. Qf7+ Kh8 20. Qg7#
1-0

[Event "Russian Championship B13 1st league 2016"]
[Site "Loo"]
[Date "2016.04.23"]
[Round "4.4"]
[White "Akhmetshin, Alexander"]
[Black "Erastov, Semen"]
[Result "0-1"]
[WhiteElo "1579"]
[BlackElo "1775"]
[PlyCount "108"]
[EventDate "2016.04.20"]

1. e4 c6 2. d4 d5 3. e5 Bf5 4. g4 Bg6 5. h4 h5 6. e6 Qd6 7. exf7+ Bxf7 8. g5
Nd7 9. Bd3 e5 10. dxe5 Nxe5 11. Qe2 Ne7 12. f4 Nxd3+ 13. Qxd3 Bg6 14. Qe2 O-O-O
15. Nf3 Nf5 16. Qf2 Qe6+ 17. Ne5 Bd6 18. O-O Bxe5 19. Re1 Bd4 20. Rxe6 Bxf2+
21. Kxf2 Nxh4 22. Kg3 Nf5+ 23. Kf2 Rd6 24. Rxd6 Nxd6 25. c3 c5 26. Be3 Bxb1 27.
Rxb1 Kd7 28. b4 Ne4+ 29. Kf3 Nxc3 30. Rb3 cxb4 31. Rxb4 b6 32. Bd4 Ne4 33. Bxg7
Rc8 34. Be5 Ke6 35. g6 Rg8 36. g7 Nf6 37. Rb5 Ne8 38. Kg3 Nxg7 39. Bxg7 Rxg7+
40. Kh4 Rg4+ 41. Kxh5 Rxf4 42. Rb3 Ra4 43. a3 d4 44. Kg5 Kd5 45. Kf4 Kc4 46.
Rg3 d3 47. Ke3 Rxa3 48. Kd2 Ra2+ 49. Kd1 Kc3 50. Ke1 b5 51. Kf1 b4 52. Ke1 b3
53. Kf1 b2 54. Ke1 b1=R# 0-1

[Event "Russian Championship B13 1st league 2016"]
[Site "Loo"]
[Date "2016.04.23"]
[Round "4.5"]
[White "Volovich, Vasily"]
[Black "Konovalov, Alexey"]
[Result "1-0"]
[WhiteElo "1875"]
[BlackElo "1560"]
[PlyCount "83"]
[EventDate "2016.04.20"]

1. e4 c5 2. c3 e6 3. d4 d5 4. e5 Nc6 5. Nf3 Qb6 6. a3 c4 7. Nbd2 Bd7 8. b3 cxb3
9. Qxb3 Qc7 10. Bb2 Nge7 11. a4 Nc8 12. Ba3 Na5 13. Qc2 Bxa3 14. Rxa3 Nb6 15.
Bd3 O-O-O 16. O-O Nac4 17. Bxc4 Nxc4 18. Nxc4 dxc4 19. Nd2 f6 20. f4 fxe5 21.
fxe5 Rhf8 22. Rxf8 Rxf8 23. Qxh7 Bc6 24. Nxc4 Bb5 25. Nd2 Qe7 26. Ra1 Qg5 27.
axb5 Qe3+ 28. Kh1 Qxd2 29. Qxg7 Rf2 30. Qg3 Qb2 31. Rg1 Rc2 32. Qg8+ Kc7 33.
Qf7+ Kd8 34. Qf8+ Kc7 35. Qd6+ Kc8 36. Qxe6+ Kc7 37. Qd6+ Kc8 38. e6 Qxb5 39.
e7 Qe8 40. Qe6+ Kc7 41. Qe5+ Kd7 42. Qf5+ 1-0

[Event "Russian Championship B13 1st league 2016"]
[Site "Loo"]
[Date "2016.04.23"]
[Round "4.6"]
[White "Dudin, Gleb"]
[Black "Bashev, Fyodor"]
[Result "1-0"]
[WhiteElo "1857"]
[BlackElo "1658"]
[PlyCount "125"]
[EventDate "2016.04.20"]

1. c4 e5 2. g3 Bc5 3. Bg2 Nc6 4. e3 Nge7 5. Nc3 a6 6. Nge2 O-O 7. O-O f5 8. d4
Bb4 9. dxe5 Nxe5 10. Nd5 Bc5 11. b3 c6 12. Ndf4 N7g6 13. Bb2 Qe7 14. Qc2 d6 15.
Qc3 a5 16. a3 Be6 17. h4 Qf7 18. Nxe6 Qxe6 19. h5 Qf7 20. hxg6 Qxg6 21. b4 Bb6
22. c5 Bc7 23. cxd6 Bxd6 24. Rad1 axb4 25. axb4 Bc7 26. Nf4 Qh6 27. Ra1 Rxa1
28. Rxa1 Nf7 29. Qxg7+ Qxg7 30. Bxg7 Kxg7 31. Ne6+ Kg8 32. Nxc7 Ne5 33. Ra7 Rf7
34. Rxb7 Nd3 35. Bxc6 Kg7 36. Ne6+ Kf6 37. Rxf7+ Kxf7 38. Nd4 Nxb4 39. Bd7 f4
40. exf4 Na6 41. Bf5 h6 42. Bc2 Nc5 43. Kg2 Nd7 44. Kf3 Nf6 45. g4 Nd7 46. g5
hxg5 47. fxg5 Ne5+ 48. Ke4 Ng6 49. f4 Ne7 50. Ke5 Kf8 51. f5 Kf7 52. Bb3+ Kf8
53. g6 Ke8 54. Ke6 Kf8 55. Kf6 Ke8 56. g7 Kd7 57. Nc6 Ng8+ 58. Bxg8 Kxc6 59.
Bd5+ Kd7 60. g8=Q Kd6 61. Be4 Kc5 62. Qd5+ Kb4 63. Ke7 1-0

[Event "Russian Championship B13 1st league 2016"]
[Site "Loo"]
[Date "2016.04.23"]
[Round "4.7"]
[White "Ril, Evgeny"]
[Black "Zhukov, Ivan"]
[Result "1-0"]
[WhiteElo "1797"]
[BlackElo "1667"]
[PlyCount "85"]
[EventDate "2016.04.20"]

1. e4 c5 2. Nf3 d6 3. d4 cxd4 4. Qxd4 Nc6 5. Bb5 Bd7 6. Qd3 Nf6 7. c4 g6 8. Nc3
Bg7 9. h3 O-O 10. O-O a6 11. Bxc6 Bxc6 12. Be3 Rc8 13. Rac1 b6 14. Rfd1 Nd7 15.
b4 Bb7 16. Nd5 Bc6 17. Nd4 Ba4 18. Re1 Ne5 19. Qe2 e6 20. Nc3 Bd7 21. Nb1 f5
22. f4 Nc6 23. Nxc6 Bxc6 24. exf5 exf5 25. Red1 Qe7 26. Qd2 Rfe8 27. Bxb6 Qb7
28. c5 d5 29. Re1 Qb8 30. Nc3 d4 31. Ne2 Re4 32. Ng3 Rxf4 33. Re7 Bh6 34. Qc2
Bd5 35. Qa4 Rc6 36. Rd7 Qxb6 37. cxb6 Rxc1+ 38. Kh2 Bc6 39. Qb3+ Kh8 40. b7
Bxd7 41. b8=Q+ Bc8 42. Qa7 Bf8 43. Qbf7 1-0

[Event "Russian Championship B13 1st league 2016"]
[Site "Loo"]
[Date "2016.04.23"]
[Round "4.8"]
[White "Stepochkin, Fedor"]
[Black "Kundianok, Vladislav"]
[Result "0-1"]
[WhiteElo "1649"]
[BlackElo "1767"]
[PlyCount "172"]
[EventDate "2016.04.20"]

1. e4 c5 2. Nf3 Nc6 3. d4 cxd4 4. Nxd4 Nf6 5. Nc3 e6 6. Be3 d5 7. exd5 exd5 8.
Bb5 Bd7 9. O-O Bb4 10. Qf3 Bxc3 11. bxc3 O-O 12. Bxc6 bxc6 13. Bg5 h6 14. Bh4
g5 15. Bg3 Bg4 16. Qd3 Qd7 17. f3 Bh5 18. Be5 Bg6 19. Qd2 Ne8 20. h4 f6 21. Bg3
Nd6 22. Rae1 Nc4 23. Qf2 Rae8 24. hxg5 hxg5 25. Rxe8 Rxe8 26. Re1 a6 27. Rxe8+
Qxe8 28. Qe1 Qxe1+ 29. Bxe1 Be8 30. Bg3 Kf7 31. Kf2 Ke7 32. Ke2 Kd7 33. Kd3
Bg6+ 34. Ke2 a5 35. Bf2 a4 36. Kd1 Na3 37. Kc1 c5 38. Ne2 Kc6 39. f4 Nc4 40.
fxg5 fxg5 41. Kd1 Be4 42. g3 Ne5 43. Be3 g4 44. Nf4 Bf5 45. Bf2 Kd6 46. Bg1 Kc6
47. Bf2 Be4 48. Ne6 Nd7 49. Kd2 Kb5 50. Ng5 Bg6 51. Ne6 Be4 52. Ng5 Bg6 53. Ne6
Kc6 54. Nd8+ Kc7 55. Ne6+ Kd6 56. Nf4 Be4 57. Bg1 Ne5 58. Bf2 Nf3+ 59. Kc1 Ne5
60. Kd2 Nc4+ 61. Kc1 Ne5 62. Kd2 Nf7 63. Bg1 Nh6 64. Bf2 Nf5 65. Kc1 a3 66. Kd1
d4 67. cxd4 cxd4 68. Kd2 Kc5 69. Ne6+ Kc4 70. Ng5 Bd5 71. Nh7 Be6 72. Ng5 Bg8
73. Kc1 Kd5 74. Be1 Ke5 75. Kb1 Ne3 76. c3 d3 77. Bd2 Nf1 78. Bf4+ Kf5 79. Kc1
Bxa2 80. Nh7 Bg8 81. Nf8 a2 82. Kb2 Nxg3 83. Bh6 Ne2 84. Nd7 g3 85. Nc5 g2 86.
Be3 d2 0-1

[Event "Russian Championship B13 1st league 2016"]
[Site "Loo"]
[Date "2016.04.23"]
[Round "4.9"]
[White "Beloshapko, Matvej"]
[Black "Shalimo, Eugene"]
[Result "0-1"]
[WhiteElo "1741"]
[BlackElo "1445"]
[PlyCount "44"]
[EventDate "2016.04.20"]

1. e4 c5 2. Nc3 e6 3. Bc4 a6 4. a4 Qc7 5. d3 Nf6 6. f4 d6 7. Nf3 Nbd7 8. Qe2
Be7 9. O-O O-O 10. h3 b6 11. g4 Bb7 12. g5 Nh5 13. Qe1 d5 14. exd5 Nxf4 15.
Bxf4 Qxf4 16. dxe6 Bxf3 17. Rxf3 Qd4+ 18. Rf2 Ne5 19. exf7+ Kh8 20. Qe4 Bxg5
21. Qxa8 Rxa8 22. f8=Q+ Rxf8 0-1

[Event "Russian Championship B13 1st league 2016"]
[Site "Loo"]
[Date "2016.04.23"]
[Round "4.10"]
[White "Kleimenov, Ivan"]
[Black "Smirnov, Dmitrii"]
[Result "0-1"]
[WhiteElo "1576"]
[BlackElo "1735"]
[PlyCount "104"]
[EventDate "2016.04.20"]

1. e4 e5 2. Nf3 Nc6 3. Nc3 Nf6 4. Bb5 Bb4 5. d3 d6 6. O-O O-O 7. Bxc6 bxc6 8.
Ne2 Re8 9. Ng3 h6 10. h3 d5 11. c3 Bd6 12. Be3 Ba6 13. Re1 Qd7 14. Qc2 Qe6 15.
Nf5 Bxd3 16. Qxd3 dxe4 17. Qc2 exf3 18. Nxd6 cxd6 19. Bf4 fxg2 20. Qd3 e4 21.
Qxd6 Qxh3 22. Bh2 Ng4 23. Qg3 Qxh2+ 24. Qxh2 Nxh2 25. Kxh2 Rad8 26. Rad1 f5 27.
Kxg2 Kf7 28. b4 g5 29. c4 a6 30. a4 Rxd1 31. Rxd1 Ke7 32. b5 axb5 33. cxb5 cxb5
34. axb5 Rb8 35. Rd5 Ke6 36. Rc5 Rb6 37. Kf1 f4 38. Ke2 Rd6 39. Ke1 Rd5 40.
Rc6+ Kd7 41. Rxh6 Rxb5 42. Rg6 Ke7 43. Ke2 Kf7 44. Rd6 Re5 45. f3 e3 46. Rb6
Rd5 47. Rb2 Kg6 48. Ke1 Kf5 49. Rg2 Rd2 50. Rxd2 exd2+ 51. Kxd2 g4 52. Ke2 g3
0-1

[Event "Russian Championship B13 1st league 2016"]
[Site "Loo"]
[Date "2016.04.23"]
[Round "4.12"]
[White "Aslanyan, Razmik"]
[Black "Bobkov, Vadim"]
[Result "1/2-1/2"]
[WhiteElo "1630"]
[BlackElo "1839"]
[PlyCount "125"]
[EventDate "2016.04.20"]

1. d4 d5 2. e3 Nf6 3. c3 c5 4. Bd3 Nc6 5. f4 Bg4 6. Nf3 e6 7. O-O Qc7 8. Qe1
cxd4 9. exd4 Bxf3 10. Rxf3 Bd6 11. Bd2 O-O 12. Qh4 Be7 13. Rh3 g6 14. Qh6 Rfe8
15. g4 Bf8 16. Qh4 Bg7 17. g5 Nd7 18. Qxh7+ Kf8 19. Be3 Ne7 20. Qh4 Nf5 21.
Bxf5 exf5 22. Nd2 Qb6 23. Nb3 Re4 24. Qf2 Rae8 25. Re1 f6 26. Rf3 fxg5 27. fxg5
a5 28. h3 Kg8 29. Nd2 R4e6 30. Nf1 Qb5 31. Qd2 Nb6 32. b3 a4 33. Qc2 Qc6 34.
Rc1 Nc8 35. Qd1 Nd6 36. c4 Ne4 37. Qd3 axb3 38. axb3 Qb6 39. c5 Qd8 40. h4 Qa5
41. Qc2 Qb4 42. Qd3 Ra8 43. Rh3 Ra3 44. Rb1 Ra2 45. Rh2 Rxh2 46. Kxh2 Ra6 47.
Kg2 Ra2+ 48. Kf3 Nxc5 49. Qd1 Ne4 50. Qd3 Kh7 51. Rd1 Rb2 52. Nd2 Nxd2+ 53.
Rxd2 Rxb3 54. Qc2 Qb6 55. h5 Ra3 56. h6 Bf8 57. Qc8 Qb3 58. Qd7+ Kh8 59. Qe8
Qxe3+ 60. Qxe3 Rxe3+ 61. Kxe3 Be7 62. Kf4 Bd6+ 63. Ke3 1/2-1/2

[Event "Russian Championship B13 1st league 2016"]
[Site "Loo"]
[Date "2016.04.23"]
[Round "4.13"]
[White "Zemskov, Roman"]
[Black "Dunaev, Denis"]
[Result "1/2-1/2"]
[WhiteElo "1824"]
[BlackElo "1628"]
[PlyCount "82"]
[EventDate "2016.04.20"]

1. e4 e6 2. d3 d5 3. Nd2 c5 4. Ngf3 Nc6 5. g3 Nf6 6. Bg2 g6 7. O-O Bg7 8. exd5
Nxd5 9. Ne4 b6 10. c3 O-O 11. Qc2 a5 12. a4 Ba6 13. Rd1 Re8 14. Nfd2 Qc7 15.
Nc4 Bxc4 16. dxc4 Nde7 17. Bg5 Rad8 18. Rxd8 Rxd8 19. Rd1 h6 20. Nf6+ Kh8 21.
Bf4 Rxd1+ 22. Qxd1 e5 23. Nd5 Qd8 24. Bd2 f5 25. Qb3 Nxd5 26. cxd5 Ne7 27. c4
Nc8 28. Qe3 Nd6 29. b3 Qe7 30. Bc3 Kg8 31. h3 Kh7 32. Qe1 e4 33. Bd2 Bd4 34. h4
Nf7 35. Qc1 h5 36. Be3 Qf6 37. Bf1 Bxe3 38. Qxe3 Qd4 39. Qf4 Qe5 40. Qe3 Qd4
41. Qf4 Qe5 1/2-1/2

[Event "Russian Championship B13 1st league 2016"]
[Site "Loo"]
[Date "2016.04.23"]
[Round "4.14"]
[White "Mutovin, Egor"]
[Black "Ivlev, Aleksandr"]
[Result "1-0"]
[WhiteElo "1801"]
[BlackElo "1625"]
[PlyCount "63"]
[EventDate "2016.04.20"]

1. d4 Nf6 2. Nf3 d5 3. c4 e6 4. Nc3 dxc4 5. e3 a6 6. Bxc4 b5 7. Bb3 Bb7 8. O-O
Nbd7 9. a3 c5 10. e4 cxd4 11. Nxd4 Qb6 12. Be3 Bc5 13. Bc2 O-O 14. b4 Bxd4 15.
Bxd4 Qc6 16. f4 Rfd8 17. Qe1 Nb6 18. Rd1 Rac8 19. Qg3 Ne8 20. Bc5 Nc4 21. e5 g6
22. Be4 Qc7 23. Qh4 Bxe4 24. Nxe4 Rd5 25. Qh6 f5 26. Ng5 Rxc5 27. bxc5 Ne3 28.
Nxe6 Qe7 29. Rd7 Qxe6 30. Rxh7 Nxf1 31. Rh8+ Kf7 32. Qf8# 1-0